000
00246pam a2200133 a 4500
020
_c
041
_h
100
_a
Balagurusamy
245
_a
Programming in Basic
260
_c
1995
300
_a
317
653
_a
Environment
930
_a
907
999
_c
246760
_d
246760